Statistics for The Top 100 Most Peaceful Countries In The World

Click here to take the quiz!

General Stats

  • This quiz has been taken 185 times
  • The average score is 71 of 100

Answer Stats

#Answer% Correct
42United Kingdom
97%
15Sweden
95%
66France
93%
14Finland
92%
6Canada
91%
1Iceland
91%
18Norway
91%
3Portugal
91%
38Spain
91%
9Japan
90%
2New Zealand
88%
13Australia
87%
5Denmark
87%
16Germany
87%
4Austria
86%
31Italy
86%
21Netherlands
86%
10Switzerland
86%
74Argentina
85%
12Ireland
85%
17Belgium
84%
57Greece
84%
34Latvia
84%
36Lithuania
84%
45Chile
83%
30Estonia
83%
24Hungary
83%
48South Korea
83%
29Poland
82%
11Slovenia
82%
25Slovakia
81%
28Bulgaria
79%
22Romania
78%
35Uruguay
78%
32Costa Rica
77%
8Czech Republic
77%
84Peru
77%
7Singapore
77%
41United Arab Emirates
77%
26Croatia
75%
51Serbia
75%
37Taiwan
75%
68Oman
74%
75Paraguay
74%
55Albania
73%
83Morocco
73%
79Bosnia and Herzegovina
72%
50Laos
72%
56Panama
71%
65Vietnam
70%
90Ecuador
69%
20Malaysia
69%
27Qatar
69%
87Cuba
68%
64Cyprus
68%
49Indonesia
68%
85Kosovo
68%
71Moldova
68%
92Tunisia
68%
19Bhutan
67%
80Jamaica
67%
73Nepal
67%
96Georgia
66%
70Kazakhstan
66%
40Mongolia
66%
78Cambodia
65%
86Bolivia
64%
43Ghana
64%
63Madagascar
64%
76Dominican Republic
63%
62North Macedonia
63%
99Armenia
62%
39Kuwait
62%
69Montenegro
62%
94Belarus
61%
82Guyana
60%
89Guinea
59%
53Namibia
58%
77Sri Lanka
58%
44Zambia
57%
95Gabon
56%
23Mauritius
56%
33Botswana
55%
47Senegal
55%
88Trinidad and Tobago
55%
59Malawi
54%
67Eswatini
53%
60Gambia
53%
72Jordan
53%
98Lesotho
52%
91Angola
51%
52Tanzania
51%
58Liberia
50%
81Rwanda
48%
61Equatorial Guinea
47%
93Kyrgyzstan
46%
46Sierra Leone
45%
100Mozambique
44%
97Bangladesh
43%
54Timor-Leste
42%

Score Distribution

Percentile by Number Answered

Percent of People with Each Score

Your Score History

You have not taken this quiz